000 00898nam a22002297a 4500
003 AM-YeHGA
005 20250617153838.0
008 180209s xxu||||| |||| 00| 0 rus d
040 _aAM-YeHGA
041 1 _arus
_heng
100 1 _aУайт, Давид С.
245 1 0 _aЭлектромеханическое преобразование энергии /
_cД. Уайт и Г. Вудсон ; Пер. с англ. Н.Ф. Ильинского и др. ; Под ред. С.В. Страхова.
260 _aМосква ;
_aЛенинград :
_bЭнергия,
_c1964.
300 _a528 с.
504 _aБиблиогр.: с. 526-527
650 1 4 _aЭлектрические машины
700 1 _aВудсон, Герберт Х.
700 1 _aИльинский, Н.Ф.
_eпер.
_4trl
700 1 _aСтрахов, С.В.
_eред.
_4edt
942 _2udc
_cBK
090 _c401543
999 _c399387
_d399387